| 000 | 00681nam a2200205 i 4500 | ||
|---|---|---|---|
| 001 | 184351 | ||
| 003 | ES-MaACL | ||
| 005 | 20250701063206.0 | ||
| 007 | t| | ||
| 008 | 150625s1905 sp r ||||1| spa d | ||
| 080 | _a821.134.2-31"18" | ||
| 100 | 1 |
_aNombela, Julio, _d1836-1919 _985930 |
|
| 245 | 1 | 4 |
_aLos 300.000 duros _b: historia de un pobre hombre / _cJulio Nombela. |
| 260 |
_aMadrid : _b[s.n.], _c1905 ( _fAdministración de "La Ultima Moda") |
||
| 300 |
_a2 v. ; _c19 cm. |
||
| 490 | 1 |
_aObras literarias de Julio Nombela ; _v15-16 |
|
| 830 | 0 |
_aObras literarias de Julio Nombela ; _v15-16 _9192120 |
|
| 852 |
_aES-MaACL _jD-4189-90 |
||
| 999 |
_c184351 _d184351 |
||